000 00455nam a2200181Ia 4500
001 9554
005 20260306161727.0
008 260306t2007||||xx |||||||||||||| ||spa||
041 _aESP
082 _a382.098
_bS52
100 _aSierralta Ríos, Aníbal
_eAUT
245 0 _aInternacionalización de las empresas latinoamericanas
260 _c2007
300 _a284 páginas :
_c24 cm.
650 _aGEN
654 _aCAN
942 _cLIB
_dJUS
_fJUS
_2ddc
_n
999 _c9554
_d9554